El pensamiento de la comunidad nasa yuwe : (Registro nro. 37780)
[ vista simple ]
| 000 -CABECERA | |
|---|---|
| Longitud fija campo de control | 00953cam a2200253 i 4500 |
| 003 - • IDENTIFICADOR DELl NÚMERO DE CONTROL | |
| Identificador del número de control | CO-ViMGA |
| 005 - • FECHA Y HORA DE LA ÚLTIMA TRANSACCIÓN | |
| Fecha y hora de la última transacción | 20230915234404.0 |
| 008 - • CÓDIGOS DE INFORMACIÓN DE LONGITUD FIJA | |
| Códigos de información de longitud fija | 120927s2011 ck b 000 0 spa |
| 020 ## - • NÚMERO INTERNACIONAL NORMALIZADO PARA LIBROS | |
| Número Internacional Normalizado para Libros (ISBN) | 9789588325934 |
| 040 ## - FUENTE DE LA CATALOGACIÓN | |
| Centro catalogador de origen | CO-ViMGA |
| Lengua de catalogación | spa |
| Centro transcriptor | CO-ViMGA |
| 043 ## - CÓDIGO DE ÁREA GEOGRÁFICA | |
| Código de área geográfica | s-ck--- |
| 082 04 - • NÚMERO DE LA CLASIFICACIÓN DECIMAL DEWEY | |
| Número de clasificación (R) | 190.986 |
| Número del ítem | A94p |
| 100 1# - • PUNTO DE ACCESO PRINCIPAL-NOMBRE DE PERSONA | |
| Nombre de persona | Ávila Martínez, Alexander. |
| 245 13 - • TITULO PROPIAMENTE DICHO | |
| Título | El pensamiento de la comunidad nasa yuwe : |
| Resto del título | un acercamiento al mundo de la vida y una reflexión acerca de su pensamiento / |
| Mención de responsabilidad, etc. | Alexander Ávila Martínez, autor. |
| 300 ## - • DESCRIPCIÓN FÍSICA | |
| Extensión | 114 p ; |
| Dimensiones | 24 cm. |
| 490 0# - • MENCIÓN DE SERIE | |
| Mención de serie | Colección Libros de texto |
| 504 ## - • NOTA DE BIBLIOGRAFÍA, ETC | |
| Nota de bibliografía, etc. | Incluye bibliografia |
| 650 #0 - • PUNTO DE ACCESO ADICIONAL DE MATERIA - TÉRMINO DE MATERIA | |
| Término de materia o nombre geográfico como elemento inicial | Culturas indigenas |
| Subdivisión geográfica | Colombia |
| Subdivisión de forma | Vida social y costumbres |
| 650 #0 - • PUNTO DE ACCESO ADICIONAL DE MATERIA - TÉRMINO DE MATERIA | |
| Término de materia o nombre geográfico como elemento inicial | Indigenas. |
| Subdivisión geográfica | Valle del Cauca |
| -- | Colombia |
| 650 #0 - • PUNTO DE ACCESO ADICIONAL DE MATERIA - TÉRMINO DE MATERIA | |
| Término de materia o nombre geográfico como elemento inicial | Nasa Yuwe |
| Subdivisión geográfica | Colombia. |
| Subdivisión de forma | Pensamiento filosofico |
| 942 ## - ENTRADA DE ELEMENTOS AGREGADOS (KOHA) | |
| Fuente de clasificaión o esquema | Dewey Decimal Classification |
| Koha [por defecto] tipo de item | LIbro |
| Perdido | Fuente de clasificación o esquema | Estado Físico | No para préstamo | Forma de adquisición | Localización permanente | Localización actual | Fecha adquisición | Préstamos totales | Signatura completa | Código de barras | Fecha última consulta | Número de copia | Fecha del precio de reemplazo | Tipo de item de Koha | Localización en estanterías | Note pública |
|---|---|---|---|---|---|---|---|---|---|---|---|---|---|---|---|---|
| Sala General | Biblioteca Pública Departamental Eduardo Carranza - Villavicencio | Biblioteca Pública Departamental Eduardo Carranza - Villavicencio | 03/02/2017 | 986.0003 A94p | ECA24965 | 11/25/2024 | Ej.1 | 11/25/2024 | LIbro | General | 18961 | 24176 | |||||
| Dewey Decimal Classification | Sala General Segundo Piso | Biblioteca Pública Germán Arciniegas - Villavicencio | Biblioteca Pública Germán Arciniegas - Villavicencio | 03/13/2017 | 190.986 A94p | 031490 | 03/13/2017 | Ej. 1 | 03/13/2017 | LIbro |